Logo biblioteca
Santa Fe 2917, Rosario, Santa Fe
Lu-Vi 8 a 19.45
+54-341-4232362
bibliotecaeudoro@gmail.com
Facebook Biblioteca Pedagógica
Sitio web

Un asunto tenebroso / (Registro nro. 32551)

Detalles MARC
000 -CABECERA
campo fijo de control de longitud 00706nam a2200229 4500
001 - NÚMERO DE CONTROL
campo de control 32551
003 - IDENTIFICADOR DEL NÚMERO DE CONTROL
campo de control AR-RoBPED
005 - FECHA Y HORADE LA ULTIMA TRANSACCION
campo de control 20260413095836.0
008 - ELEMENTOS DE LONGITUD FIJA--INFORMACION GENERAL
campo fijo de control de longitud 260410t1969 es |||er ||| 001 1 spa d
040 ## - FUENTE CATALOGADORA
Centro catalogador/agencia de origen AR-RoBPED
041 ## - IDIOMA
Código de idioma para texto/pista de sonido o título independiente spa
100 1# - ENCABEZAMIENTO PRINCIPAL--AUTOR PERSONAL
Nombre de persona Balzac, Honoré de,
Fechas nac-muerte 1799-1850
9 (RLIN) 499
245 1# - TITULO
Título Un asunto tenebroso /
Mención de responsabilidad Honore de Balzac; prólogo de Carlos Ollero.
260 ## - PUBLICACION
Lugar España:
Editor Salvat,
Fecha 1969.
300 ## - DESCRIPCION FISICA
Extensión 176 p.
490 0# - SERIE
Mención de serie (Biblioteca Basica Salvat;
Designación de volumen o secuencia N° 39)
650 #4 - TERMINO DE MATERIA--CONTROLADO
Término controlado LITERATURA FRANCESA
9 (RLIN) 393
Término controlado NOVELAS
9 (RLIN) 25
700 ## - ENCABEZAMIENTO SECUNDARIO--AUTOR PERSONAL
Nombre de persona Ollero, Carlos
9 (RLIN) 30701
Función prol.
942 ## - ELEMENTOS KOHA
Fuente de clasificación Universal Decimal Classification
Número Koha k. 32551
Koha tipo de ítem Libro
Clasificación 840-31
Signatura librística B 17 a
Inventario inv. 42379
945 ## - PROCESAMIENTO DE LA INFORMACIÓN LOCAL
Catalogador y fecha mm 10/04/2026 - cd 13/04/2026
Existencias
Estado retirado Estado perdido Fuente de clasificación Estado dañado No se presta Biblioteca propietaria Biblioteca de reserva Fecha de adquisición Procedencia Total de préstamos Signatura topográfica completa Código de barras (nº de inventario) Fecha visto por última vez Catalogador y fecha Tipo de ítem Koha Nota pública
    Universal Decimal Classification     Biblioteca Pedagógica Eudoro Díaz Biblioteca Pedagógica Eudoro Díaz 07/04/2026 Donación   840-31 B 17 a 42379 10/04/2026 mm 10/04/2026 Libro Se presta 15 días.